Portal - Guess the Characters and Objects by Picture - Statistics

General Stats
  • This quiz has been taken 14 times
  • The average score is 23 of 60
Answer Stats
Picture Answer % Correct
Aperture Science Handheld Quantum Tunneling Device
100%
Portal
100%
Bird
80%
Chell
80%
Aperture Science Sentry Turret
70%
Genetic Lifeform and Disk Operating System
70%
Radio
70%
Aperture Science Hard Light Bridge
60%
Aperture Science Weighted Companion Cube
60%
Atlas
60%
Cave Johnson
60%
Cleansing Gel
60%
P-Body
60%
Wheatley
60%
Aperture Science Rocket Turret
50%
Caroline
50%
Conversion Gel
50%
Frankenturret
50%
Long Fall Boots
50%
Propulsion Gel
50%
Animal King Turret
40%
Aperture Science Vital Apparatus Vent
40%
Crusher
40%
Prima Donna Turret
40%
Repulsion Gel
40%
Space Core
40%
Adventure Core
30%
Anger Core
30%
Aperture Science Emergency Intelligence Incinerator
30%
Aperture Science Excursion Funnel
30%
Aperture Science Material Emancipation Grill
30%
Aperture Science Weighted Storage Cube
30%
Bomb
30%
Curiosity Core
30%
Defective Sentry Turret
30%
Fact Core
30%
Intelligence Core
30%
Morality Core
30%
Neurotoxin Storage Tank
30%
1500 Megawatt Aperture Science Heavy Duty Super-Colliding Super Button
20%
Aperture Science Aerial Faith Plate
20%
Aperture Science Discouragement Redicretion Cube
20%
Aperture Science Edgeless Safety Cube
20%
Aperture Science Edgeless Safety Cube Receptacle
20%
Aperture Science Innovators Antique Cube
20%
Aperture Science Laser Field
20%
Aperture Science Unstationary Scaffold
20%
Aperture Science Weighted Storage Cube Receptacle
20%
Circuit Breaker
20%
Goo
20%
High Energy Pellet
20%
Hoopy the Hoop
20%
Panel
20%
Pneumatic Diversity Vent
20%
Shredder
20%
Aperture Science High Energy Pellet Catcher
10%
Aperture Science High Energy Pellet Launcher
10%
Aperture Science Pedestal Button
10%
Aperture Science Piston Platform
10%
Aperture Science Thermal Discouragement Beam
10%
No matching quizzes found
Score Distribution
Percent of People with Each Score
Percentile by Number Answered
Your Score History
You have not taken this quiz